Begins and Ends in S.P.O.R.C.L.E. Quiz Stats

 Plays Quiz Updated Dec 7, 2012

Also try: Answers in Common
Challenge
Share
Tweet
Embed
Score 0/42 Timer 07:00
0 Plays Today
% Correct
LOL
91.6%
ROAR
87.9%
ERIE
85.3%
EWE
83.8%
ELOPE
82.9%
ECLIPSE
82.1%
OREO
81.9%
REINDEER
79.9%
ROOSTER
77.7%
LIBERAL
74.9%
CIVIC
71%
RADAR
70.5%
SOCRATES
69.4%
PIP
65.8%
OREGANO
65.4%
CHIC
65.4%
ORO
64.7%
CARDIAC
64.6%
SEUSS
61.8%
PHILIP
60.1%
SAKS
59.5%
% Correct
SOS
58.1%
LAUREL
57.3%
LULL
57.3%
CADILLAC
55%
EEYORE
54.7%
LAPEL
53.4%
COGNAC
45.3%
PARSNIP
44.6%
PIMP
44.1%
ENVELOPE
43.9%
RITTER
42.8%
PAWNSHOP
37.7%
R.U.R.
35.7%
PLUMP
35.5%
CDC
35.2%
SADNESS
31.5%
OTELLO
28.5%
STRESS
27.6%
ORATORIO
17.3%
LACRIMAL
16.6%
ORONO
15.2%

You're not logged in!

Compare scores with friends on all Sporcle quizzes.
OR
Log In

You Might Also Like...

Show Comments

Extras

Top Quizzes Today


Score Distribution

Your Account Isn't Verified!

In order to create a playlist on Sporcle, you need to verify the email address you used during registration. Go to your Sporcle Settings to finish the process.

Report this User

Report this user for behavior that violates our Community Guidelines.

Details: